000 00793nam a2200265Ia 4500
003 OSt
005 20221002051216.0
006 a|||||r|||| 00| 0
007 ta
008 220930b |||||||| |||| 00| 0 eng d
024 _a22803
037 _cReference Collections
040 _aCRL
_cCRL
_beng
041 _2eng
_aeng
082 _aV1:19(zM)k, N1 (R R)
100 _aMacksey Kenneth
_9572207
245 0 _aPenguin encyclopedia of modern warfare
_b 1850 to the present day
260 _aLondon
_bPenguin
_c1991
300 _a373p
_ccm.
650 _a WAR
_9189124
650 _aHISTORY
700 _a Woodhouse William
_9572208
942 _hV1:19(zM)k, N1 (R R)
_cref
_2CC
999 _c916220
_d916220